[Event "Bad Sooden-Allendorf Seniors op 15th"]
[Site "Bad Sooden-Allendorf"]
[Date "2003.04.30"]
[Round "2"]
[White "Walther, Henry"]
[Black "Gelzenleichter, Siegfried"]
[Result "0-1"]
[WhiteElo "1595"]
[BlackElo "2160"]
[PlyCount "56"]
[EventDate "2003.05.??"]
[EventType "swiss"]
[EventRounds "9"]
[EventCountry "GER"]
[SourceTitle "EXT 2006"]
[Source "ChessBase"]
[SourceDate "2005.11.24"]
[SourceVersion "1"]
[SourceVersionDate "2005.11.24"]
[SourceQuality "1"]

1. e4 c5 2. d4 cxd4 3. c3 d5 4. Qxd4 e6 5. exd5 exd5 6. Ne2 Nc6 7. Qd1 Nf6 8. Be3 Be7 9. Nd2 0-0 10. Nf3 Re8 11. h3 Bd6 12. Qc2 Qa5 13. a3 Bd7 14. Rd1 Ne5 15. Ned4 Nxf3+ 16. gxf3 Bf4 17. Rd3 Re7 18. Kd2 Qc7 19. Bg2 Rae8 20. Re1 Qe5 21. Qd1 Nh5 22. Re2 Qg5 23. Qf1 Bxe3+ 24. Rdxe3 Ng3 25. Qg1 Nxe2 26. Kxe2 Rxe3+ 27. fxe3 Bxh3 28. f4 Qxg2+ 0-1

[Event "Bad Sooden-Allendorf Seniors op 15th"]
[Site "Bad Sooden-Allendorf"]
[Date "2003.04.29"]
[Round "1"]
[White "Millen, Ernst"]
[Black "Walther, Henry"]
[Result "1-0"]
[WhiteElo "2047"]
[BlackElo "1595"]
[PlyCount "63"]
[EventDate "2003.05.??"]
[EventType "swiss"]
[EventRounds "9"]
[EventCountry "GER"]
[SourceTitle "EXT 2006"]
[Source "ChessBase"]
[SourceDate "2005.11.24"]
[SourceVersion "1"]
[SourceVersionDate "2005.11.24"]
[SourceQuality "1"]

1. d4 d5 2. Nf3 c6 3. g3 Nf6 4. Bg2 Bf5 5. Nbd2 h6 6. 0-0 e6 7. c3 Nbd7 8. Re1 Ne4 9. Nf1 Be7 10. N3d2 Ndf6 11. f3 Ng5 12. g4 Bg6 13. Ng3 Qc7 14. Ndf1 Bd6 15. e4 dxe4 16. fxe4 Bf4 17. e5 Bxc1 18. Rxc1 Nd5 19. h4 Nf4 20. hxg5 Nxg2 21. Kxg2 hxg5 22. Ne3 0-0-0 23. Rh1 Rh4 24. Qf3 Rdh8 25. Nc4 Qd7 26. Nd6+ Kb8 27. Rxh4 Rxh4 28. Rh1 Qe7 29. Rxh4 gxh4 30. Nge4 Bxe4 31. Nxe4 Qf8 32. Ng5 1-0

[Event "Wuerttemberg-ch Seniors 15th"]
[Site "Ellwangen"]
[Date "2003.04.17"]
[Round "7"]
[White "Walther, Henry"]
[Black "Koestner, Lorenz"]
[Result "0-1"]
[WhiteElo "1576"]
[BlackElo "1734"]
[PlyCount "108"]
[EventDate "2003.04.??"]
[EventType "swiss"]
[EventRounds "9"]
[EventCountry "GER"]
[SourceTitle "EXT 2006"]
[Source "ChessBase"]
[SourceDate "2005.11.24"]
[SourceVersion "1"]
[SourceVersionDate "2005.11.24"]
[SourceQuality "1"]

1. e4 c5 2. d4 cxd4 3. c3 dxc3 4. Nxc3 d6 5. Bc4 Nf6 6. Qe2 Nc6 7. Nf3 Bg4 8. Qe3 Bxf3 9. Qxf3 g6 10. 0-0 Bg7 11. Rd1 0-0 12. a3 Rc8 13. Qe2 Qa5 14. Ba2 Rfd8 15. Be3 Qh5 16. f3 Bh6 17. Nd5 Bxe3+ 18. Qxe3 Qe5 19. b4 b6 20. Rab1 Nb8 21. Rbc1 Nxd5 22. Rxd5 Qb2 23. Rxc8 Rxc8 24. Rd2 Qc1+ 25. Kf2 Nd7 26. h3 Ne5 27. Re2 Qxe3+ 28. Rxe3 Kf8 29. Bb3 e6 30. f4 Nd7 31. Rd3 Ke7 32. Ba4 Rc7 33. Bb5 Nf6 34. Kf3 d5 35. exd5 Nxd5 36. Ba4 Kd6 37. Bb3 Rc1 38. Kg4 h6 39. Kh4 b5 40. g4 Rf1 41. Kg3 a6 42. Bd1 Kc6 43. Bf3 Rc1 44. f5 Kd6 45. Kh4 Ke5 46. fxe6 fxe6 47. Kg3 g5 48. Kf2 Rc2+ 49. Kg3 Rc4 50. Bg2 Rd4 51. Rb3 Rd2 52. Rf3 Nf4 53. Bf1 Kd4 54. Rb3 e5 0-1

[Event "Wuerttemberg-ch Seniors 15th"]
[Site "Ellwangen"]
[Date "2003.04.16"]
[Round "6"]
[White "Krampe, Helmut"]
[Black "Walther, Henry"]
[Result "1-0"]
[WhiteElo "1710"]
[BlackElo "1576"]
[PlyCount "115"]
[EventDate "2003.04.??"]
[EventType "swiss"]
[EventRounds "9"]
[EventCountry "GER"]
[SourceTitle "EXT 2006"]
[Source "ChessBase"]
[SourceDate "2005.11.24"]
[SourceVersion "1"]
[SourceVersionDate "2005.11.24"]
[SourceQuality "1"]

1. d4 d5 2. Nf3 e6 3. c4 c6 4. e3 Nf6 5. Nc3 Nbd7 6. Bd3 dxc4 7. Bxc4 Nb6 8. Be2 Nbd5 9. 0-0 Be7 10. Bd2 0-0 11. a3 Nxc3 12. bxc3 Ne4 13. Be1 Bf6 14. Bd3 Ng5 15. Nd2 h6 16. Qc2 e5 17. dxe5 Be7 18. f4 Ne6 19. Nf3 Nc5 20. Be2 Be6 21. Nd4 Bd5 22. Nf5 Be4 23. Nxe7+ Qxe7 24. Qb2 Rfd8 25. Bg3 Bf5 26. Rfd1 Rd7 27. Rd4 Rad8 28. Rad1 Ne6 29. Rxd7 Rxd7 30. Rxd7 Qxd7 31. Be1 Nc5 32. Qd2 Qxd2 33. Bxd2 Kf8 34. h3 Ke7 35. g4 Be4 36. Bd1 Ke6 37. Kf2 Kd5 38. Be2 Nb3 39. c4+ Ke6 40. Bc3 Nc5 41. f5+ Kd7 42. Bd4 b6 43. Kg3 Nb3 44. e6+ fxe6 45. fxe6+ Kxe6 46. Bxg7 Nc1 47. Bf3 Bd3 48. Bxc6 Bxc4 49. Bxh6 Nd3 50. Bg7 a5 51. h4 b5 52. h5 b4 53. Be4 Nc5 54. Bf5+ Kf7 55. Bd4 Nb3 56. Be5 bxa3 57. h6 Kg8 58. h7+ 1-0

[Event "Wuerttemberg-ch Seniors 15th"]
[Site "Ellwangen"]
[Date "2003.04.12"]
[Round "2"]
[White "Sievers, Hermann"]
[Black "Walther, Henry"]
[Result "0-1"]
[WhiteElo "1043"]
[BlackElo "1576"]
[PlyCount "64"]
[EventDate "2003.04.??"]
[EventType "swiss"]
[EventRounds "9"]
[EventCountry "GER"]
[SourceTitle "EXT 2006"]
[Source "ChessBase"]
[SourceDate "2005.11.24"]
[SourceVersion "1"]
[SourceVersionDate "2005.11.24"]
[SourceQuality "1"]

1. e4 c6 2. d4 d5 3. Nc3 dxe4 4. Nxe4 Bf5 5. Qd3 e6 6. Bf4 Nf6 7. f3 Be7 8. 0-0-0 Qd5 9. Kb1 Nxe4 10. fxe4 Bxe4 11. Qc3 0-0 12. Nf3 Nd7 13. Bc4 Qf5 14. Rd2 Qxf4 15. Rf2 Bf6 16. g3 Qd6 17. Rd1 Nb6 18. Bb3 Rad8 19. Rfd2 Bxf3 20. Qxf3 Qb4 21. Qe3 Qa5 22. c3 Bg5 23. Qd3 Bxd2 24. Rxd2 Qf5 25. Qxf5 exf5 26. Rf2 g6 27. h4 Nd5 28. Re2 Rfe8 29. Bd1 Re3 30. Rg2 Re1 31. Kc1 Ne3 32. Rd2 Re8 0-1

[Event "Mecklenburg VP-ch Seniors 2nd"]
[Site "Sparow"]
[Date "2002.09.15"]
[Round "3"]
[White "Fritsch, Juergen"]
[Black "Walther, Henry"]
[Result "1-0"]
[WhiteElo "1803"]
[BlackElo "1553"]
[PlyCount "79"]
[EventDate "2002.09.??"]
[EventType "swiss"]
[EventRounds "9"]
[EventCountry "GER"]
[SourceTitle "EXT 2006"]
[Source "ChessBase"]
[SourceDate "2005.11.24"]
[SourceVersion "1"]
[SourceVersionDate "2005.11.24"]
[SourceQuality "1"]

1. d4 d5 2. Nf3 c6 3. c4 e6 4. Nc3 dxc4 5. e4 b5 6. e5 Bb7 7. Bg5 Be7 8. Bxe7 Nxe7 9. Ne4 Nd7 10. Nd6+ Kf8 11. Nxb7 Qc7 12. Nc5 Nb6 13. Ng5 Ke8 14. Nge4 Rd8 15. Nd6+ Rxd6 16. exd6 Qxd6 17. Qd2 Ned5 18. g3 Ne7 19. Bg2 Qc7 20. 0-0 Nbd5 21. a3 Qb6 22. Qg5 Ng6 23. Rfe1 Nde7 24. Rad1 Qc7 25. h4 Qc8 26. h5 h6 27. Qd2 Nf8 28. Qa5 Qa8 29. Na6 Qb7 30. a4 Qb6 31. Qxb6 axb6 32. axb5 Kd7 33. Nb8+ Kc7 34. Nxc6 Nf5 35. Ne5 Nd6 36. Bc6 Nh7 37. Rc1 Ng5 38. f4 f6 39. fxg5 fxe5 40. dxe5 1-0

[Event "Mecklenburg VP-ch Seniors 2nd"]
[Site "Sparow"]
[Date "2002.09.14"]
[Round "2"]
[White "Walther, Henry"]
[Black "Gudat, Alfons"]
[Result "1-0"]
[WhiteElo "1553"]
[BlackElo "2047"]
[PlyCount "71"]
[EventDate "2002.09.??"]
[EventType "swiss"]
[EventRounds "9"]
[EventCountry "GER"]
[SourceTitle "EXT 2006"]
[Source "ChessBase"]
[SourceDate "2005.11.24"]
[SourceVersion "1"]
[SourceVersionDate "2005.11.24"]
[SourceQuality "1"]

1. e4 c5 2. d4 cxd4 3. c3 d3 4. Bxd3 Nc6 5. Nf3 g6 6. 0-0 Bg7 7. Re1 e5 8. Be3 Nge7 9. Bc2 0-0 10. Qd6 h6 11. Bb3 Kh7 12. Bc5 b6 13. Ba3 Bb7 14. Rd1 Bc8 15. Nbd2 f5 16. Qd3 f4 17. Bd6 Qe8 18. Bd5 Bb7 19. Nc4 Nxd5 20. Bxf8 Qxf8 21. Qxd5 Rd8 22. Ncxe5 Na5 23. Nxd7 Qe7 24. Qd6 Qxd6 25. Rxd6 Nc4 26. Nf6+ Bxf6 27. Rxf6 Kg7 28. Rxf4 Nxb2 29. Nd4 Re8 30. f3 Nd3 31. Rg4 Kf6 32. h4 Rc8 33. Nb5 Rc5 34. Rd1 h5 35. Rg5 Ne5 36. a4 1-0

[Event "Wuerttemberg-ch Seniors 14th"]
[Site "Ellwangen"]
[Date "2002.??.??"]
[Round "8"]
[White "Meeh, Rudolf"]
[Black "Walther, Henry"]
[Result "1/2-1/2"]
[WhiteElo "1647"]
[BlackElo "1647"]
[PlyCount "41"]
[EventDate "2002.03.30"]
[EventType "swiss"]
[EventRounds "9"]
[EventCountry "GER"]
[SourceTitle "EXT 2006"]
[Source "ChessBase"]
[SourceDate "2005.11.24"]
[SourceVersion "1"]
[SourceVersionDate "2005.11.24"]
[SourceQuality "1"]

1. d4 d5 2. c4 c6 3. cxd5 cxd5 4. Nc3 Nf6 5. Nf3 e6 6. Bg5 Be7 7. e3 0-0 8. Be2 Nc6 9. 0-0 Nd7 10. Bf4 Nf6 11. Ne5 Nxe5 12. Bxe5 Bd6 13. Bxd6 Qxd6 14. Rc1 Bd7 15. Nb5 Qb6 16. Qd3 a6 17. Nc3 Rac8 18. h3 Rc7 19. Qd2 Rfc8 20. Bd3 Qd6 21. Ne2 1/2-1/2

[Event "Wuerttemberg-ch Seniors 14th"]
[Site "Ellwangen"]
[Date "2002.??.??"]
[Round "2"]
[White "Wolf, Alfred"]
[Black "Walther, Henry"]
[Result "1/2-1/2"]
[WhiteElo "1830"]
[BlackElo "1647"]
[PlyCount "106"]
[EventDate "2002.03.30"]
[EventType "swiss"]
[EventRounds "9"]
[EventCountry "GER"]
[SourceTitle "EXT 2006"]
[Source "ChessBase"]
[SourceDate "2005.11.24"]
[SourceVersion "1"]
[SourceVersionDate "2005.11.24"]
[SourceQuality "1"]

1. f4 c6 2. b3 d5 3. Bb2 Bf5 4. e3 h6 5. Nf3 Nd7 6. a4 Ngf6 7. Be2 e6 8. 0-0 Be7 9. Nh4 Bh7 10. g3 0-0 11. d3 Rc8 12. Nd2 Qb6 13. Bd4 Bc5 14. a5 Qc7 15. Bxc5 Nxc5 16. b4 Ncd7 17. d4 Ne4 18. Bd3 Ndf6 19. Nxe4 Nxe4 20. Rc1 Qe7 21. c3 Rc7 22. Rc2 Rfc8 23. Nf3 b6 24. Bxe4 Bxe4 25. Ra2 c5 26. axb6 axb6 27. bxc5 bxc5 28. Nd2 Bd3 29. Re1 c4 30. Nf3 Rb8 31. Ne5 Be4 32. Kf2 f6 33. Nf3 Rcb7 34. Ree2 Rb3 35. Qc1 Qb7 36. Nd2 Bd3 37. Nxb3 cxb3 38. Rab2 Ra8 39. Qd2 Bc4 40. Re1 Ra5 41. Rc1 Qa8 42. Rcb1 Ra3 43. Qd1 Qa4 44. h3 Kh7 45. g4 Kg6 46. h4 f5 47. gxf5+ exf5 48. Qg1+ Kf7 49. h5 Qa6 50. Qd1 Qa4 51. Qd2 Ra1 52. Qc1 Ra3 53. Qg1 Qa6 1/2-1/2

[Event "Wuerttemberg-ch Seniors 13th"]
[Site "Ellwangen"]
[Date "2001.??.??"]
[Round "6"]
[White "Fuchs, Ewald"]
[Black "Walther, Henry"]
[Result "1-0"]
[WhiteElo "1783"]
[BlackElo "1570"]
[PlyCount "109"]
[EventDate "2001.04.??"]
[EventType "swiss"]
[EventRounds "9"]
[EventCountry "GER"]
[SourceTitle "EXT 2006"]
[Source "ChessBase"]
[SourceDate "2005.11.24"]
[SourceVersion "1"]
[SourceVersionDate "2005.11.24"]
[SourceQuality "1"]

1. d4 d5 2. c4 c6 3. Nc3 e6 4. Nf3 dxc4 5. a4 Bb4 6. e4 b5 7. Be2 Nf6 8. Bg5 h6 9. Bxf6 Qxf6 10. axb5 Bxc3+ 11. bxc3 cxb5 12. Qb1 Bd7 13. Ne5 Qe7 14. Nxd7 Qxd7 15. 0-0 a6 16. Qb4 Qe7 17. Rfb1 Qxb4 18. Rxb4 0-0 19. Rxb5 axb5 20. Rxa8 Nc6 21. Ra6 Rc8 22. Rb6 Na7 23. Rb7 Ra8 24. f4 g6 25. Kf2 Nc6 26. Rxb5 Ra3 27. Rc5 Na5 28. d5 exd5 29. exd5 Kg7 30. d6 Nb7 31. d7 Ra8 32. Rc8 Ra2 33. d8Q Nxd8 34. Rxd8 Rc2 35. Rd4 Rxc3 36. Bxc4 Rc2+ 37. Be2 Rc7 38. Bf3 Re7 39. Rd6 Kf8 40. g4 Kg7 41. Rb6 Re8 42. Rb7 Kf6 43. Bd5 Rf8 44. Kf3 Kg7 45. h4 Kg8 46. Ra7 Kg7 47. h5 gxh5 48. gxh5 Kf6 49. Ra6+ Kg7 50. Ra8 Rxa8 51. Bxa8 f5 52. Ke3 Kf7 53. Kd4 Ke6 54. Bd5+ Kf6 55. Bb3 1-0

[Event "Wuerttemberg-ch Seniors 13th"]
[Site "Ellwangen"]
[Date "2001.??.??"]
[Round "3"]
[White "Walther, Henry"]
[Black "Jahr, Dieter"]
[Result "1/2-1/2"]
[WhiteElo "1570"]
[BlackElo "1882"]
[PlyCount "56"]
[EventDate "2001.04.??"]
[EventType "swiss"]
[EventRounds "9"]
[EventCountry "GER"]
[SourceTitle "EXT 2006"]
[Source "ChessBase"]
[SourceDate "2005.11.24"]
[SourceVersion "1"]
[SourceVersionDate "2005.11.24"]
[SourceQuality "1"]

1. e4 c5 2. d4 cxd4 3. c3 Nc6 4. cxd4 d5 5. e5 e6 6. a3 f6 7. Nf3 fxe5 8. dxe5 Nge7 9. b4 Ng6 10. Bb2 a6 11. Bd3 Be7 12. Qc2 Nf4 13. 0-0 Nxd3 14. Qxd3 0-0 15. Nbd2 Bd7 16. Rfe1 Rc8 17. Nb3 Be8 18. Rac1 Bh5 19. Nfd4 Nxd4 20. Nxd4 Qd7 21. Qh3 Bf7 22. Rc3 Rxc3 23. Bxc3 Rc8 24. Bd2 Rc7 25. Qe3 Be8 26. Nb3 b5 27. Bc3 Qc6 28. Bd4 h6 1/2-1/2

[Event "Wuerttemberg-ch Seniors 12th"]
[Site "Ellwangen"]
[Date "2000.??.??"]
[Round "1"]
[White "Walther, Henry"]
[Black "Franck, Rudolf"]
[Result "0-1"]
[WhiteElo "1610"]
[BlackElo "2145"]
[PlyCount "126"]
[EventDate "2000.04.??"]
[EventType "swiss"]
[EventRounds "9"]
[EventCountry "GER"]
[SourceTitle "EXT 2006"]
[Source "ChessBase"]
[SourceDate "2005.11.24"]
[SourceVersion "1"]
[SourceVersionDate "2005.11.24"]
[SourceQuality "1"]

1. e4 d6 2. d4 Nf6 3. Nc3 g6 4. Nf3 Bg7 5. Bc4 c6 6. 0-0 b5 7. Bd3 0-0 8. Be3 Ng4 9. Bf4 e5 10. dxe5 Nxe5 11. Nxe5 dxe5 12. Be3 Qe7 13. a3 a5 14. Qe2 Be6 15. Rfb1 Nd7 16. Rc1 Rfd8 17. f3 Nc5 18. Rd1 Rd7 19. Qf2 Bf8 20. Be2 Rad8 21. Rxd7 Bxd7 22. Rd1 Ne6 23. Na2 Be8 24. Bd2 Qc7 25. Qe1 Bc5+ 26. Kh1 Bb6 27. Nc1 Rd7 28. Nd3 Nd4 29. Rc1 Nxe2 30. Qxe2 c5 31. Be3 c4 32. Nf2 Qa7 33. Bxb6 Qxb6 34. Ng4 Qd6 35. Kg1 h5 36. Ne3 c3 37. Nd5 cxb2 38. Rb1 Kg7 39. Qxb5 Qxa3 40. Qxb2 Qxb2 41. Rxb2 Ra7 42. Rb3 a4 43. Ra3 Rb7 44. Nc3 h4 45. Nxa4 Ra7 46. Ra2 Bxa4 47. Kf2 Kf6 48. Ke3 Ke6 49. f4 f6 50. fxe5 Kxe5 51. g3 hxg3 52. hxg3 Ra8 53. c4 Bc6 54. Rb2 Ra3+ 55. Kf2 Bxe4 56. Rb5+ Kd4 57. Rb6 Rf3+ 58. Ke1 Kxc4 59. g4 g5 60. Ke2 Kd4 61. Rb4+ Ke5 62. Rb5+ Kf4 63. Rb4 Rg3 0-1

[Event "Wuerttemberg-ch Seniors 12th"]
[Site "Ellwangen"]
[Date "2000.??.??"]
[Round "9"]
[White "Walther, Henry"]
[Black "Wieser, Franz"]
[Result "1/2-1/2"]
[WhiteElo "1610"]
[BlackElo "1690"]
[PlyCount "28"]
[EventDate "2000.04.??"]
[EventType "swiss"]
[EventRounds "9"]
[EventCountry "GER"]
[SourceTitle "EXT 2006"]
[Source "ChessBase"]
[SourceDate "2005.11.24"]
[SourceVersion "1"]
[SourceVersionDate "2005.11.24"]
[SourceQuality "1"]

1. e4 c6 2. Bc4 e6 3. Nf3 d5 4. exd5 exd5 5. Bb3 Qe7+ 6. Qe2 Qxe2+ 7. Kxe2 Bg4 8. h3 Bxf3+ 9. Kxf3 Nf6 10. d4 Bd6 11. Re1+ Kd7 12. Bf4 Na6 13. c3 Rae8 14. Rxe8 Rxe8 1/2-1/2